| 000 | 00803nam a2200241 a 4500 | ||
|---|---|---|---|
| 001 | BRCA_794 | ||
| 005 | 20190320203143.0 | ||
| 008 | 020508s1986----sp-a---###---#000-0#spa-# | ||
| 020 | _a8434582287 | ||
| 041 | _aspa/heng | ||
| 050 | 4 |
_aPQ6337 _b.M35 1986 |
|
| 100 | 1 |
_aMcKendrick, Melveena _92643 |
|
| 245 | 1 | 0 |
_aCervantes _cMelveena McKendrick ; prólogo Alonso Zamora Vicente ; traducción Elena de Grau. |
| 260 |
_aBarcelona _bSalvat _c1986 |
||
| 300 |
_a214 p. _bil. blanco y negro _c20 cm. |
||
| 440 | 0 |
_aBiblioteca Salvat de Grandes Biografías _v83 _92644 |
|
| 500 | _aTraducción de : Cervantes | ||
| 504 | _aBibliografía : p. 213-214 | ||
| 600 | 1 | 4 |
_aCervantes Saavedra, Miguel de _d1547-1616 _9213 |
| 700 | 1 |
_aZamora Vicente, Alonso _92645 |
|
| 700 | 1 |
_aGrau, Elena de _92646 |
|
| 942 |
_2lcc _cB |
||
| 999 |
_c690 _d690 |
||